<?xml version="1.0" encoding="UTF-8"?>
<marc:record xmlns:marc="http://www.loc.gov/MARC21/slim">
   <marc:leader>00000nam a2200000 a 4500</marc:leader>
   <marc:datafield ind1="1" ind2=" " tag="100">
      <marc:subfield code="a">Rosenberg, Marshall B.</marc:subfield>
      <marc:subfield code="4">aut</marc:subfield>
      <marc:subfield code="e">Verfasser/-in</marc:subfield>
   </marc:datafield>
   <marc:datafield ind1=" " ind2=" " tag="653">
      <marc:subfield code="a">Paperback</marc:subfield>
   </marc:datafield>
   <marc:datafield ind1=" " ind2=" " tag="653">
      <marc:subfield code="a">Selbstbewusstsein</marc:subfield>
   </marc:datafield>
   <marc:datafield ind1=" " ind2=" " tag="653">
      <marc:subfield code="a">Kommunikation</marc:subfield>
   </marc:datafield>
   <marc:datafield ind1=" " ind2=" " tag="653">
      <marc:subfield code="a">Sprache</marc:subfield>
   </marc:datafield>
   <marc:datafield ind1=" " ind2=" " tag="653">
      <marc:subfield code="a">Reden</marc:subfield>
   </marc:datafield>
   <marc:datafield ind1=" " ind2=" " tag="653">
      <marc:subfield code="a">Gewalt</marc:subfield>
   </marc:datafield>
   <marc:datafield ind1="0" ind2="0" tag="245">
      <marc:subfield code="a">Gewaltfreie Kommunikation</marc:subfield>
   </marc:datafield>
   <marc:datafield ind1="0" ind2="0" tag="245">
      <marc:subfield code="b">eine Sprache des Lebens</marc:subfield>
   </marc:datafield>
   <marc:datafield ind1=" " ind2="1" tag="264">
      <marc:subfield code="b">Junfermann Verlag</marc:subfield>
      <marc:subfield code="c">2016</marc:subfield>
   </marc:datafield>
   <marc:datafield ind1="1" ind2=" " tag="490">
      <marc:subfield code="a">Kommunikation: Gewaltfreie Kommunikation</marc:subfield>
   </marc:datafield>
   <marc:datafield ind1="1" ind2=" " tag="520">
      <marc:subfield code="a">VERLAGSTEXT: / / Ohne dass wir es vielleicht beabsichtigen, haben unsere Worte und unsere Art zu sprechen Verletzung und Leid zur Folge – bei anderen und auch bei uns selbst. Die Gewaltfreie Kommunikation (GFK) hilft uns, bewusster zuzuhören und unserem Gegenüber respektvolle Aufmerksamkeit zu schenken. Gleichzeitig lernen wir, uns ehrlich und klar auszudrücken. Als eine Sprache des Lebens können wir die GFK in der Kommunikation mit allen Menschen, egal welchen Alters, unabhängig von ihrem kulturellen oder religiösen Hintergrund in den unterschiedlichsten Situationen anwenden. Mit Geschichten, Erlebnissen und beispielhaften Gesprächssituationen macht Marshall Rosenberg in seinem Buch deutlich, wie sich mithilfe der GFK auch komplexe Kommunikationsprobleme lösen lassen. Für die Neuauflage dieses Bestsellers wurde der Text umfassend überarbeitet und um ein neues Kapitel zum Thema „Konfliktklärung und Mediation“ erweitert. / / / / „Das Buch Gewaltfreie Kommunikation kann die Welt verändern. Und wichtiger noch, es kann Ihr Leben verändern.“ – Jack Canfield / / / 
</marc:subfield>
   </marc:datafield>
   <marc:datafield ind1=" " ind2=" " tag="020">
      <marc:subfield code="a">9783955715724</marc:subfield>
      <marc:subfield code="9">9783955715724</marc:subfield>
   </marc:datafield>
</marc:record>
